000 00846nam a2200265Ia 4500
003 OSt
005 20220918170751.0
006 a|||||r|||| 00| 0
007 ta
008 220917b |||||||| |||| 00| 0 eng d
020 _a9780471689287 (hbk)
_c4793.81
024 _a244,798
037 _b103, 03/01/2011, Mallika Books
_cTextual
040 _aARTS
_cARTS
_beng
041 _2eng
_aeng
082 _aL72:45:6, P8
100 _aWoo Stephanie M.
_931047
245 0 _aDiagnosis and treatment of mental disorders across the lifespan
260 _aNew Jersey
_bJohn Wiley & Sons USA
_c2008
300 _axi,1140p.
_ccm.
650 _aMEDICINE
_94387
700 _a Keatinge Carolyn
_931048
942 _hL72:45:6, P8
_cTEXL
_2CC
999 _c135639
_d135639